An ambiguous journey to the city : (Record no. 65418)

MARC details
000 -LEADER
fixed length control field 00626nam a22001577a 4500
005 - DATE AND TIME OF LATEST TRANSACTION
control field 2012042101281.0
020 ## - INTERNATIONAL STANDARD BOOK NUMBER
International Standard Book Number 0195652428
Terms of availability 345.00
035 ## - SYSTEM CONTROL NUMBER
System control number B-28098
037 ## - SOURCE OF ACQUISITION
Stock number DPL
Source of stock number/acquisition ENG
100 ## - MAIN ENTRY--PERSONAL NAME
Personal name Nandy, Ashis
245 ## - TITLE STATEMENT
Title An ambiguous journey to the city :
Remainder of title The village and other odd ruins of the self in the Indian imagination /
Statement of responsibility, etc by Ashis Nandy
260 ## - PUBLICATION, DISTRIBUTION, ETC. (IMPRINT)
Place of publication, distribution, etc New Delhi
Name of publisher, distributor, etc Oxford University Press
Date of publication, distribution, etc 2001
300 ## - PHYSICAL DESCRIPTION
Extent xiii, 146p.
Dimensions 20 cms.
942 ## - ADDED ENTRY ELEMENTS (KOHA)
Source of classification or shelving scheme Dewey Decimal Classification
Item type English Books
Classification part 306.485
Call number suffix NAN
Holdings
Withdrawn status Lost status Not for loan Collection code Home library Current library Date acquired Cost, normal purchase price Full call number Barcode Cost, replacement price Koha item type
      Non-fiction Sarojini Nagar Sarojini Nagar 21/04/2012 345.00 306.485 NAN B-28098 345.00 English Books

© Delhi Public Library
Hit Counter
free hit counter